UBT Library

Renovating old houses / (Record no. 40534)

000 -LEADER
fixed length control field 00728cam a2200241 a 4500
001 - CONTROL NUMBER
control field 3035356
005 - DATE AND TIME OF LATEST TRANSACTION
control field 20180119041225.0
008 - FIXED-LENGTH DATA ELEMENTS--GENERAL INFORMATION
fixed length control field 950929s1996 ctua b 001 0 eng
010 ## - LIBRARY OF CONGRESS CONTROL NUMBER
LC control number 95044407
020 ## - INTERNATIONAL STANDARD BOOK NUMBER
International Standard Book Number 0942391659 (hc)
020 ## - INTERNATIONAL STANDARD BOOK NUMBER
International Standard Book Number 1561581283 (pbk.)
040 ## - CATALOGING SOURCE
Original cataloging agency DLC
Transcribing agency DLC
Modifying agency DLC
041 ## - LANGUAGE CODE
Language code of text/sound track or separate title eng
080 ## - UNIVERSAL DECIMAL CLASSIFICATION NUMBER
Universal Decimal Classification number 643.7nas
082 00 - DEWEY DECIMAL CLASSIFICATION NUMBER
Classification number 643.7nas
Edition number 20
100 1# - Rafti
Rafti 41
101 ## - Shkurtesa
Shkurtesa nde
245 10 - TITLE STATEMENT
Title Renovating old houses /
Statement of responsibility, etc George Nash.
504 ## - BIBLIOGRAPHY, ETC. NOTE
Bibliography, etc Includes bibliographical references (p. 334-338) and index.
906 ## - LOCAL DATA ELEMENT F, LDF (RLIN)
a 7
b cbc
c orignew
d 1
e ocip
f 19
g y-gencatlg
942 ## - ADDED ENTRY ELEMENTS (KOHA)
Source of classification or shelving scheme
Item type Books
Holdings
Withdrawn status Lost status Source of classification or shelving scheme Damaged status Not for loan Collection code Permanent location Current location Shelving location Date acquired Total Checkouts Full call number Barcode Date last seen Price effective from Koha item type
          Koleksioni i përgjithshem UBT - Lipjan UBT - Lipjan Koleksioni i përgjithshem 01/19/2018   643.7nas 002-2995879 01/19/2018 01/19/2018 Books
UBT Library © 2015-2024. All rights reserved University Education for Business and Technology